| 000 | 00863nam a22003257a 4500 | ||
|---|---|---|---|
| 005 | 20190401093506.0 | ||
| 008 | 190401b xxu||||| |||| 00| 0 spa d | ||
| 020 | _a9789968481168 | ||
| 041 | _aspa | ||
| 082 | _a972.860.11 W735b | ||
| 100 |
_aWilliams, Ayra Rod _953218 |
||
| 245 | _aBoruca | ||
| 260 | _aCosta Rica | ||
| 260 | _bEUNED | ||
| 260 | _c2015 | ||
| 300 | _a346 páginas | ||
| 650 |
_aBORUCA _953219 |
||
| 650 |
_aCOSTA RICA _953220 |
||
| 650 |
_aPUEBLO INDÍGENA _97840 |
||
| 650 |
_aSITUACIÓN SOCIOECONÓMICA _953221 |
||
| 650 |
_aVIDA SOCIAL _97539 |
||
| 650 |
_aCOSTUMBRES _94420 |
||
| 650 |
_aORGANIZACIÓN POLÍTICA _953222 |
||
| 650 |
_aGRUPOS FORMALES _939472 |
||
| 650 |
_aGRUPOS INFORMALES _953223 |
||
| 650 |
_aFAMILIA _953224 |
||
| 650 |
_aCICLO DE LA VIDA _953225 |
||
| 650 |
_aECONOMÍA BORUCA _953226 |
||
| 942 | _cBK | ||
| 999 |
_c11830 _d11830 |
||